| 000 | 00757nam a2200217 i 4500 | ||
|---|---|---|---|
| 001 | 187461 | ||
| 003 | ES-MaACL | ||
| 005 | 20250820063056.0 | ||
| 008 | 170705s1989 sp ac c |||| | spa d | ||
| 080 | _a73 Planas Rosselló, Miquel (083.824) | ||
| 100 | 1 |
_aPlanas Rosselló, Miquel, _d1961- _9163372 |
|
| 245 | 1 | 0 |
_aMiquel Planas _b: [exposición] gener-febrer 89, Sala Gaspar. |
| 260 |
_aBarcelona : _bSala Gaspar : _bDanés, _c[1989] |
||
| 300 |
_a[52] p. : _btodas il. col., 1 retr. ; _c23 cm. |
||
| 600 | 1 | 7 |
_aPlanas Rosselló, Miquel, _d1961- _vExposiciones _2 _9163373 |
| 655 | 7 |
_2tgfbne _9193628 _aCatálogos de exposiciones |
|
| 710 | 2 |
_aSala Gaspar. _96478 |
|
| 852 |
_aES-MaACL _jL-31786 |
||
| 942 | _2udc | ||
| 999 |
_c187461 _d187461 |
||